000 00374pam a2200157a 44500
008 230515b1986 xxu||||| |||| 00| 0 eng d
020 _aNULL
041 _aENGL
082 _a660.28423 / SAC
100 _aSACHDEVA R.C.
245 _aFUNDAMENTALS OF ENGG. HEAT AND MASS TRANSFER
250 _aN.D.
260 _aNULL
_bWILEY
_c1986
300 _a620 PB
650 _aNULL
999 _c624349
_d624349